BIBLIOTECA

SENCICO

Reingeniería de procesos de negocios (Registro nro. 1521)

Detalles MARC
000 -LEADER
fixed length control field 00884nam a2200277Ia 4500
005 - DATE AND TIME OF LATEST TRANSACTION
control field 20251020182514.0
008 - FIXED-LENGTH DATA ELEMENTS--GENERAL INFORMATION
fixed length control field 200515s9999 xx 000 0 und d
020 ## - INTERNATIONAL STANDARD BOOK NUMBER
International Standard Book Number 968-18-4905-1
082 ## - DEWEY DECIMAL CLASSIFICATION NUMBER
Classification number 658.25.2/J67
100 ## - MAIN ENTRY--PERSONAL NAME
Personal name Johanson, Henry J.
100 ## - MAIN ENTRY--PERSONAL NAME
Personal name McHugh, Patrick
245 #0 - TITLE STATEMENT
Title Reingeniería de procesos de negocios
260 ## - PUBLICATION, DISTRIBUTION, ETC.
Place of publication, distribution, etc. México,DF
260 ## - PUBLICATION, DISTRIBUTION, ETC.
Name of publisher, distributor, etc. Limusa
260 ## - PUBLICATION, DISTRIBUTION, ETC.
Date of publication, distribution, etc. 1994
300 ## - PHYSICAL DESCRIPTION
Extent 268 p.
300 ## - PHYSICAL DESCRIPTION
Other physical details il. tbls.
500 ## - GENERAL NOTE
General note 1 ejemplar
520 ## - SUMMARY, ETC.
Summary, etc. Enfoca en la efectividad de la reingeniería de procesos de negocios para demostrar la forma en que las compañías pueden modificar sus operaciones -y como consecuencia natural reducir sus costos- en su camino hacia la creación de la excelencia en sus proce
650 ## - SUBJECT ADDED ENTRY--TOPICAL TERM
Topical term or geographic name entry element ADMINISTRACION
650 ## - SUBJECT ADDED ENTRY--TOPICAL TERM
Topical term or geographic name entry element LIB
650 ## - SUBJECT ADDED ENTRY--TOPICAL TERM
Topical term or geographic name entry element NEGOCIOS
650 ## - SUBJECT ADDED ENTRY--TOPICAL TERM
Topical term or geographic name entry element REINGENIERIA
942 ## - ADDED ENTRY ELEMENTS (KOHA)
Koha item type Libros
Existencias
Fecha de la última vez que lo usaron Pago total Signatura topográfica completa Código de barras Precio efectivo desde Tipo de documento Estado perdido Estado dañado No es para préstamo Retirado Ubicación permanente Ubicación actual Fecha de adquisición
15/05/2020   658.25.2/J67 Bib-Lima15051521 15/05/2020 Libros         Biblioteca Central Lima Biblioteca Central Lima 15/05/2020